| 000 | 01832nam0a2200325 i 4500 | ||
|---|---|---|---|
| 001 | RU\NLR\bibl\1938823 | ||
| 005 | 20260407205651.0 | ||
| 010 |
_a9785997319519 _9100 |
||
| 021 |
_aRU _b2012-58681 _94296 |
||
| 035 | _a(NLR Aleph) 001928110 | ||
| 090 |
_a3397958 _c3397958 |
||
| 100 | _a20120830d2012 u y0rusy50 ca | ||
| 101 | 0 | _arus | |
| 102 | _aRU | ||
| 105 | _aa ||||||||| | ||
| 200 | 1 |
_aПсихолого-педагогическая практика в начальной школе _eметодическое пособие для преподавателей и студентов _eспециальность 050146 "Преподавание в начальных классах" _fДепартамент образования г. Москвы, Гос. бюджет. образоват. учреждение сред. проф. образования "Пед. колледж N°1 им. К.Д. Ушинского" _g[авт.-сост.: засл. учитель РФ Л.В. Строганова] |
|
| 210 |
_aМосква _cСпутник+ _d2012 |
||
| 215 |
_a111 с. _cил., портр. _d21 |
||
| 320 | _aБиблиогр.: с. 92-93 (43 назв.) | ||
| 606 |
_aПсихолог в школе _jМетодические пособия _91592728 _3RU\NLR\auth\66998867 |
||
| 606 |
_aШкольники _jМетодические пособия _xПсиходиагностика _91535714 _3RU\NLR\auth\66970429 |
||
| 686 | _aЮ983в6я7 | ||
| 686 | _aЮ984.0я7 | ||
| 702 | 1 |
_aСтроганова _bЛ. В. _gЛюдмила Викторовна _4220 |
|
| 712 | 0 | 2 |
_4570 _aПедагогический колледж им. К. Д. Ушинского _c1; Москва _9771474 _3RU\NLR\AUTH\8810138055 |
| 801 | 0 |
_aRU _bNLR _c20120830 _gRCR |
|
| 801 | 1 |
_aRU _bNLR _c20120830 |
|
| 942 | _cBOOK | ||
| 980 | _aNBR | ||